<?xml version="1.0" encoding="UTF-8"?><?xml-stylesheet type="text/xsl" href="static/style.xsl"?><OAI-PMH xmlns="http://www.openarchives.org/OAI/2.0/" xmlns:xsi="http://www.w3.org/2001/XMLSchema-instance" xsi:schemaLocation="http://www.openarchives.org/OAI/2.0/ http://www.openarchives.org/OAI/2.0/OAI-PMH.xsd"><responseDate>2026-04-14T18:08:24Z</responseDate><request verb="GetRecord" identifier="oai:uvadoc.uva.es:10324/68657" metadataPrefix="marc">https://uvadoc.uva.es/oai/request</request><GetRecord><record><header><identifier>oai:uvadoc.uva.es:10324/68657</identifier><datestamp>2024-07-09T19:02:24Z</datestamp><setSpec>com_10324_38</setSpec><setSpec>col_10324_787</setSpec></header><metadata><record xmlns="http://www.loc.gov/MARC21/slim" xmlns:doc="http://www.lyncode.com/xoai" xmlns:xsi="http://www.w3.org/2001/XMLSchema-instance" xmlns:dcterms="http://purl.org/dc/terms/" xsi:schemaLocation="http://www.loc.gov/MARC21/slim http://www.loc.gov/standards/marcxml/schema/MARC21slim.xsd">
<leader>00925njm 22002777a 4500</leader>
<datafield tag="042" ind1=" " ind2=" ">
<subfield code="a">dc</subfield>
</datafield>
<datafield tag="720" ind1=" " ind2=" ">
<subfield code="a">Pedraz Holgado, Rebeca</subfield>
<subfield code="e">author</subfield>
</datafield>
<datafield tag="260" ind1=" " ind2=" ">
<subfield code="c">2024</subfield>
</datafield>
<datafield tag="520" ind1=" " ind2=" ">
<subfield code="a">La violencia de género comprende todo acto de violencia física y psicológica, incluidas las agresiones a la libertad sexual, las amenazas, las coacciones o la privación de libertad, cometido por quienes hayan sido o sean cónyuges o de quien estén o hayan estado ligados a ellas por relaciones similares de afectividad. &#xd;
El supuesto de hecho nos sitúa ante un caso de violencia de género, concretamente ante un delito de quebrantamiento cautelar y delito de amenazas. Lo que se pretende es asesorar a la víctima de violencia de género sobre los derechos que le asisten, las actuaciones en que se deberá intervenir en función de su constitución o no como parte en el proceso, las medidas que se podían solicitar para su protección y el procedimiento que se seguirá para el enjuiciamiento de los hechos y su calificación</subfield>
</datafield>
<datafield tag="024" ind2=" " ind1="8">
<subfield code="a">https://uvadoc.uva.es/handle/10324/68657</subfield>
</datafield>
<datafield tag="245" ind1="0" ind2="0">
<subfield code="a">Violencia de género contra la expareja</subfield>
</datafield>
</record></metadata></record></GetRecord></OAI-PMH>